Only US President Who... Quiz Stats

 Plays Quiz Updated Jun 20, 2018

Score 0/20 Timer 05:00
4 Plays Today
The only president who... Answer % Correct
resigned the presidencyRichard Nixon
86.3%
served more than two terms as PresidentFranklin Delano Roosevelt
82.8%
never lived in the White HouseGeorge Washington
78.1%
was not born in the contiguous 48 statesBarack Obama
73.8%
was never elected president or vice presidentGerald Ford
73.5%
served non-consecutive terms as PresidentGrover Cleveland
70.6%
saw combat in World War IHarry S. Truman
59%
served as Chief Justice of the Supreme CourtWilliam Howard Taft
58.3%
had a grandson who was also PresidentWilliam Henry Harrison
53.8%
served as President of Princeton UniversityWoodrow Wilson
40.7%
The only president who... Answer % Correct
never marriedJames Buchanan
38.8%
earned a Master of Business Administration degreeGeorge W. Bush
36.5%
has a non-U.S. capital city named for himJames Monroe
35.7%
won a Pulitzer PrizeJohn F. Kennedy
32.4%
spoke English as a second languageMartin Van Buren
29.8%
graduated from the US Naval AcademyJimmy Carter
27.8%
paid off the national debtAndrew Jackson
27.7%
held a patentAbraham Lincoln
17.6%
was born on the Fourth of JulyCalvin Coolidge
16%
served in the Senate after his presidencyAndrew Johnson
12.8%

You're not logged in!

Compare scores with friends on all Sporcle quizzes.
OR
Log In

You Might Also Like...

Show Comments

Extras

Top Quizzes Today


Score Distribution

Your Account Isn't Verified!

In order to create a playlist on Sporcle, you need to verify the email address you used during registration. Go to your Sporcle Settings to finish the process.

Report this User

Report this user for behavior that violates our Community Guidelines.

Details: